00270 a2200121 4500001000700000020001800007040001100025100002100036240004000057245003500097300000700132362000900139183982 a84-348-3968-7 cMagnum aAlonso, Manuel L10aPapá ya no vive con nosotroslESP10aPapá ya no vive con nosotros a600 a1998